The polish volcano: a case history of hope (Record no. 372267)

000 -LEADER
fixed length control field 00398cam a22001337a 4500
008 - FIXED-LENGTH DATA ELEMENTS--GENERAL INFORMATION
fixed length control field 180718b1959 xxu||||| |||| 00| 0 eng d
082 ## - DEWEY DECIMAL CLASSIFICATION NUMBER
Classification number A6x438 L586
100 ## - MAIN ENTRY--PERSONAL NAME
Personal name Lewis, Flora
245 ## - TITLE STATEMENT
Title The polish volcano: a case history of hope
Statement of responsibility, etc. by Flora Lewis
260 ## - PUBLICATION, DISTRIBUTION, ETC.
Place of publication, distribution, etc. London
Name of publisher, distributor, etc. Specker & Warburg
Date of publication, distribution, etc. 1959
300 ## - PHYSICAL DESCRIPTION
Extent 267p.
500 ## - GENERAL NOTE
General note 25/-; Firs pub. N.Y., Doubleday, 1958
650 ## - SUBJECT ADDED ENTRY--TOPICAL TERM
Topical term or geographic name entry element Poland - History
Holdings
Withdrawn status Lost status Damaged status Not for loan Permanent Location Current Location Date acquired Full call number Barcode Date last seen Price effective from Koha item type
        Indian Institute of Public Administration Indian Institute of Public Administration 1994-06-15 A6x438 L586 19639 2018-07-21 2018-07-21 Book

Powered by Koha